000 00726nam a2200181Ia 4500
008 090124s9999 xx 000 0 und d
082 _b122741
100 _aकुलकर्णी जी.ए.(गुरुनाथ आबाजी )
245 _a माणसे आरभाट आणि चिल्लर
250 _a1
260 _c1988
300 _a132
600 _aकुलकर्णी जी.ए.(गुरुनाथ आबाजी )
630 _a माणसे आरभाट आणि चिल्लर
700 _aकुलकर्णी जी.ए.(गुरुनाथ आबाजी )
730 _a माणसे आरभाट आणि चिल्लर
942 _cBOOK
999 _c168827
_d168827